000 00362 a2200157 4500
001 72278
020 _a
040 _cAnchieta - Colégio São Paulo
240 1 0 _aO sapateiro e os anõezinhos
_lpor
245 1 0 _aO sapateiro e os anõezinhos
300 _a[18p.]
362 0 _a1968
440 1 _aRecord
650 4 _aLiteratura infanto-juvenil
942 _cBK
999 _c72278
_d72278